000 00660nas a2200229 4500
001 BR8703060
003 BR-BrBNA
005 20231205090654.0
007 ta
008 230509b bl.|||p| |||| 00| 00por d
040 _aBR-BrBNA
_bpor
_cBiblioteca Nacional de Agricultura
041 _a(Es)
072 _aF70
100 1 _aLegrand, C.D.
245 1 _aMyrtaceae catharinenses novae [Santa Catarina, Brasil]
650 _aMIRTACEAE
650 _aTAXONOMIA VEGETAL
650 _aSANTA CATARINA
773 0 _tSellowia (Brazil)
_xISSN 0375-1615
_g(Dec 1957), v. 9(8) p. 71-79
_wBR8703060
909 _a202311
_bLúcia
_c55
_dLúcia Elande
942 _2AGRIS
_n0
_cANA
999 _c120156
_d120156